00712 2200265 4500001002100000005001700021008004100038035002400079082001100103090002100114100002100135245005900156250001100215260004100226300002900267650003500296700002400331850001600355980001300371985000600384986001100390999001500401999001500416999001500431YOGYA-0209000006377720090227040223.0 ind  0010-020900000063777 a001.64 a001.64bHer SlT aHERYANTO, Dina A aStory board pluscDina A. Heryanto, Fx. Sutiono Gunadi aCet. 3 aJakartabElex Media Komputindoc1990 avii, 75 hlmbilusc21 cm aStory board (Program komputer) aGunadi, FX. Sutiono aYOPDYOG (B) a14-09-06 a3 afwhref aP000031668 aP000031669 a93P0039148